000 02296cam a2200313 a 4500
005 20031230185550.0
008 940308s1993 enkab b 001 0 eng
010 _aENG-101747 B-427522-524
020 _c360.00
_a9789350246306
035 _aEN-85280 B-427522-524
037 _bDBAD/PUB
037 _bBlueberry/Ven
040 _adpl
_bEng
082 _a658.840285
100 1 _922405
_aNair, Suja R.
245 1 0 _aConsumar behaviour and marketing communication/
_cby Suja R. Nair [and] Niraj Kumar
260 _aMumbai
_bHimalaya Publishing House
_c2010
270 _a"Ramdoot", Dr.Bhalerao Marg, Girgaon,
_bMumbai
_e400004
300 _a609p.
_c25cm (pbk)
650 0 _922448
651 _922481
700 _923316
_aNiraj Kumar
942 _2ddc
_cEN
_mNAI
_h658.840285
999 _c48411
_d48411